Génesis y sombras de la Catedral de Cuenca / (Record no. 180119)
[ view plain ]
| 000 -LEADER | |
|---|---|
| campo de control de longitud fija | 00983nam a2200265 i 4500 |
| 001 - NÚMERO DE CONTROL | |
| campo de control | 180119 |
| 003 - IDENTIFICADOR DE NÚMERO DE CONTROL | |
| campo de control | ES-MaACL |
| 005 - FECHA Y HORA DE LA ÚLTIMA TRANSACCIÓN | |
| campo de control | 20250828063301.0 |
| 008 - DATOS DE LONGITUD FIJA--INFORMACIÓN GENERAL | |
| campo de control de longitud fija | 120419s1999 sp aeop |||| | spa d |
| 020 ## - NÚMERO INTERNACIONAL ESTÁNDAR DEL LIBRO | |
| Número Internacional Estándar del Libro | 84-95192-32-2 |
| 080 ## - NÚMERO DE LA CLASIFICACIÓN DECIMAL UNIVERSAL | |
| Número de la Clasificación Decimal Universal | 726.6(460.283C.) |
| 100 1# - ENTRADA PRINCIPAL--NOMBRE DE PERSONA | |
| Nombre de persona | Muelas Alcocer, Domingo, |
| Fechas asociadas al nombre | 1927- |
| 9 (RLIN) | 149361 |
| 245 10 - MENCIÓN DEL TÍTULO | |
| Título | Génesis y sombras de la Catedral de Cuenca / |
| Mención de responsabilidad, etc. | Domingo Muelas Alcocer. |
| 260 ## - PUBLICACIÓN, DISTRIBUCIÓN, ETC. | |
| Lugar de publicación, distribución, etc. | Cuenca : |
| Nombre del editor, distribuidor, etc. | Diputación Provincial de Cuenca, Sección de Publicaciones, |
| Fecha de publicación, distribución, etc. | [1999] |
| 300 ## - DESCRIPCIÓN FÍSICA | |
| Extensión | 304 p. : |
| Otras características físicas | il. col. y n., fot., planos ; |
| Dimensiones | 24 cm. |
| 490 1# - MENCIÓN DE SERIE | |
| Mención de serie | Historia ; |
| Designación de volumen o secuencia | 27 |
| 504 ## - NOTA DE BIBLIOGRAFÍA, ETC. | |
| Nota de bibliografía, etc. | Bibliografía: p. 295-296. |
| 610 27 - PUNTO DE ACCESO ADICIONAL DE MATERIA--NOMBRE DE ENTIDAD CORPORATIVA | |
| Nombre de entidad corporativa o nombre de jurisdicción como elemento de entrada | Catedral de Santa María (Cuenca) |
| 9 (RLIN) | 149832 |
| 650 04 - PUNTO DE ACCESO ADICIONAL DE MATERIA--TÉRMINO DE MATERIA | |
| Término de materia o nombre geográfico como elemento de entrada | Arte religioso- |
| Subdivisión geográfica | Cuenca. |
| 9 (RLIN) | 149943 |
| 710 1# - ENTRADA AGREGADA--NOMBRE DE ENTIDAD CORPORATIVA | |
| Nombre de entidad corporativa o nombre de jurisdicción como elemento de entrada | Cuenca (Provincia). |
| Unidad subordinada | Diputación Provincial. |
| 9 (RLIN) | 3346 |
| 830 0# - PUNTO DE ACCESO ADICIONAL DE SERIE-TÍTULO UNIFORME | |
| Título uniforme | Historia ; |
| Designación de volumen o secuencia | 27 |
| 9 (RLIN) | 177536 |
| 852 ## - LOCALIZACIÓN | |
| Ubicación | ES-MaACL |
| Número de control de estantería | A-12060 |
| itemnumber | 187029 |
| Sublocalización o colección | R.146821 |
| Ubicación en estantería | Depósito 1 |
| Signatura antigua | Olim: N-5065 |
| 942 ## - ELEMENTOS DE ENTRADA SECUNDARIOS (KOHA) | |
| Fuente del sistema de clasificación o colocación | Clasificación decimal universal |
| Tipo de ítem Koha | Libro impreso |
| Estatus retirado | Estado de pérdida | Fuente del sistema de clasificación o colocación | Estado de daño | No para préstamo | Biblioteca de origen | Biblioteca actual | Ubicación en estantería | Fecha de adquisición | Fuente de adquisición | Total de préstamos | Signatura topográfica completa | Código de barras | Visto por última vez | Precio de reemplazo | Tipo de ítem Koha |
|---|---|---|---|---|---|---|---|---|---|---|---|---|---|---|---|
| Clasificación decimal universal | Biblioteca del Ateneo de Madrid | Biblioteca del Ateneo de Madrid | Depósito 1 | 19/04/2012 | Donación | A-12060 | 1189255 | 23/02/2023 | 23/02/2023 | Libro impreso |
